000 00324nam a22001337a 4500
003 SGT
082 _a370
_bSHA
100 _aSHARMA, KANTA
245 _aAMRIT SANCHAY RABINDRA NATH TAGORE KI DUS SHRESTH KAHANIYO KA SANGREH
260 _aNEW DELHI
_bSARASWATI HOUSE
300 _a72
650 _aEDUCATION
942 _2ddc
_cBK
999 _c12619
_d12619